Ligue 1 Player of the Year - Statistics

General Stats
  • This quiz has been taken 273 times
    52 since last reset
  • The average score is 18 of 31
Answer Stats
Year Team Country Player % Correct
2018-19 PSG FRA Kylian Mbappé
96%
2020-21 PSG FRA Kylian Mbappé
96%
2021-22 PSG FRA Kylian Mbappé
96%
2022-23 PSG FRA Kylian Mbappé
96%
2023-24 PSG FRA Kylian Mbappé
96%
2012-13 PSG SWE Zlatan Ibrahimović
96%
2013-14 PSG SWE Zlatan Ibrahimović
96%
2015-16 PSG SWE Zlatan Ibrahimović
96%
2024-25 PSG FRA Ousmane Dembélé
94%
2017-18 PSG BRA Neymar
90%
2016-17 PSG URU Edinson Cavani
88%
2010-11 Lille BEL Eden Hazard
84%
2011-12 Lille BEL Eden Hazard
84%
2014-15 Lyon FRA Alexandre Lacazette
69%
2007-08 Lyon FRA Karim Benzema
69%
2003-04 Marseille CIV Didier Drogba
59%
2005-06 Lyon BRA Juninho
57%
1995-96 Bordeaux FRA Zinedine Zidane
53%
2001-02 Bordeaux POR Pauleta
47%
2002-03 Bordeaux POR Pauleta
47%
2004-05 Lyon GHA Michael Essien
39%
2008-09 Bordeaux FRA Yoann Gourcuff
35%
2009-10 Lyon ARG Lisandro López
33%
1993-94 PSG FRA David Ginola
29%
1996-97 Monaco BRA Sonny Anderson
20%
2006-07 Lyon FRA Florent Malouda
10%
1997-98 PSG ITA Marco Simone
10%
1998-99 Bordeaux ALG Ali Benarbia
8%
2000-01 Nantes FRA Éric Carrière
8%
1999-00 Monaco ARG Marcelo Gallardo
8%
1994-95 PSG FRA Vincent Guérin
8%
No matching quizzes found
Score Distribution
Percent of People with Each Score
Percentile by Number Answered
Your Score History
You have not taken this quiz since the last reset